[Event "Superettan(Solna-Upsala)"]
[Site "?"]
[Date "2012.12.01"]
[Round "3"]
[White "Steneskog, Per"]
[Black "Thorgeirsson, Sverrir"]
[Result "1/2-1/2"]
[WhiteElo "2238"]
[BlackElo "2208"]
[PlyCount "96"]
[EventDate "2012.??.??"]

1. d4 Nf6 2. c4 c6 3. Nc3 d5 4. Nf3 e6 5. cxd5 exd5 6. Qc2 g6 7. Bg5 Bg7 8. e3
Bf5 9. Bd3 Bxd3 10. Qxd3 O-O 11. b4 Nbd7 12. O-O Re8 13. Rab1 a6 14. a4 h6 15.
Bxf6 Nxf6 16. Nd2 Qd6 17. Rfc1 Ng4 18. Nf1 f5 19. Ne2 Nf6 20. b5 cxb5 21. axb5
a5 22. b6 Rec8 23. Rxc8+ Rxc8 24. Qb5 Ra8 25. Nc3 Bf8 26. Nd2 Qc6 27. Qxc6 bxc6
28. Na4 Nd7 29. Nb3 Kf7 30. Rc1 Rc8 31. Kf1 Bb4 32. Ke2 Ke7 33. Nbc5 Bxc5 34.
dxc5 Re8 35. Kd2 Kd8 36. Nb2 Kc8 37. Nd3 Re4 38. Ra1 a4 39. Ra3 Kb7 40. f3 Rc4
41. Rc3 Rh4 42. Ra3 Rc4 43. Rc3 a3 44. Rxa3 Nxc5 45. Ne5 Rh4 46. Nxg6 Rxh2 47.
Nf4 Kxb6 48. Ra8 Nd7 1/2-1/2

[Event "Superettan(Stockholms SS-Sollentuna)"]
[Site "?"]
[Date "2012.12.01"]
[Round "3"]
[White "Ernst, Thomas"]
[Black "Couso, Luis"]
[Result "1/2-1/2"]
[WhiteElo "2533"]
[BlackElo "2293"]
[PlyCount "66"]
[SourceDate "2012.12.20"]

1. e4 e6 2. d4 d5 3. e5 c5 4. c3 Qb6 5. Nf3 Bd7 6. Na3 Nc6 7. Nc2 cxd4 8. cxd4
Nge7 9. Be2 Nb4 10. Nxb4 Qxb4+ 11. Qd2 Nc6 12. O-O Qxd2 13. Bxd2 Be7 14. Bc3 f6
15. exf6 gxf6 16. Rfe1 Bd6 17. Bf1 O-O-O 18. g3 Rhe8 19. Rad1 Bc7 20. b4 a6 21.
b5 axb5 22. Bxb5 Na5 23. Bd3 Re7 24. Rc1 Nc6 25. Bb5 Kb8 26. Re3 Rc8 27. Bxc6
Bxc6 28. Bb4 Ree8 29. Bc5 Rcd8 30. Rce1 Bd7 31. Ra3 Bc6 32. Rae3 Bd7 33. Ra3
Bc6 1/2-1/2

[Event "Superettan(Stockholms SS-Sollentuna)"]
[Site "?"]
[Date "2012.12.01"]
[Round "3"]
[White "Bergstrom, Rolf"]
[Black "Poley, Vladimir"]
[Result "1-0"]
[WhiteElo "2313"]
[BlackElo "2439"]
[PlyCount "93"]

1. e4 g6 2. d4 Bg7 3. Nc3 c6 4. Bc4 b5 5. Bb3 a5 6. a3 Ba6 7. Be3 d6 8. h4 e6
9. h5 d5 10. e5 Nd7 11. Nce2 Nh6 12. Nf3 Nf5 13. h6 Bf8 14. Bg5 Qb8 15. g4 Ne7
16. Bf6 Nxf6 17. exf6 Nc8 18. Ne5 c5 19. c3 Bd6 20. f4 Nb6 21. Kf2 O-O 22. Bc2
Bxe5 23. fxe5 Nc4 24. b3 Nxe5 25. dxe5 Qxe5 26. Qd2 Qxf6+ 27. Qf4 Qe7 28. Rae1
e5 29. Qe3 Bb7 30. Rh2 Qf6+ 31. Kg1 d4 32. Qf2 Qd6 33. Ng3 d3 34. Bd1 f5 35.
gxf5 gxf5 36. Rh5 Rae8 37. Nxf5 Qg6+ 38. Kh2 Kh8 39. Rg1 Qf6 40. Qg3 Rg8 41.
Qg7+ Rxg7 42. hxg7+ Kg8 43. Nh6+ Qxh6 44. Rxh6 e4 45. Bh5 Rd8 46. Rd6 Rxd6 47.
Bf7+ 1-0

[Event "Superettan(Stockholms SS-Sollentuna)"]
[Site "?"]
[Date "2012.12.01"]
[Round "3"]
[White "Aperia, Jakob"]
[Black "Henriksson, Johan"]
[Result "0-1"]
[WhiteElo "2254"]
[BlackElo "2311"]
[PlyCount "102"]

1. c4 c6 2. Nf3 d5 3. e3 Nf6 4. Nc3 g6 5. b3 Bg7 6. Bb2 O-O 7. Be2 Re8 8. d4 c5
9. O-O cxd4 10. Nxd4 e5 11. Nf3 e4 12. Nd4 dxc4 13. Bxc4 a6 14. a4 Bd7 15. b4
Ng4 16. h3 Ne5 17. Bd5 Bc6 18. Nxc6 bxc6 19. Bxe4 Nc4 20. Qxd8 Rxd8 21. Rad1
Rxd1 22. Rxd1 Nxb2 23. Rd8+ Bf8 24. b5 axb5 25. axb5 Ra1+ 26. Kh2 Na4 27. Ne2
Kg7 28. f4 Nc5 29. Bf3 cxb5 30. Rxb8 Rb1 31. Nc3 Rb3 32. Nd5 Ne6 33. Be2 b4 34.
Bc4 Rb2 35. Nb6 Bc5 36. Na4 Bxe3 37. Rb7 Bxf4+ 38. Kg1 Rb1+ 39. Kf2 Kf6 40.
Bxe6 Kxe6 41. Nc5+ Kf6 42. g3 Bd6 43. Ne4+ Ke5 44. Nxd6 Kxd6 45. Rxf7 b3 46.
Rb7 Kc6 47. Rxh7 b2 48. Rh6 Rh1 49. Rxg6+ Kc5 50. Rg5+ Kc4 51. Rg4+ Kc3 0-1

[Event "Superettan(Stockholms SS-Sollentuna)"]
[Site "?"]
[Date "2012.12.01"]
[Round "3"]
[White "Wiander, Michael"]
[Black "Kassani, Sam"]
[Result "0-1"]
[WhiteElo "2160"]
[BlackElo "2223"]
[PlyCount "66"]

1. e4 c5 2. b4 cxb4 3. d4 d5 4. e5 Nc6 5. a3 Qb6 6. Be3 Bf5 7. Bd3 Bxd3 8. Qxd3
e6 9. Ne2 Rc8 10. O-O Nge7 11. f4 h5 12. Rc1 Nf5 13. Bf2 Be7 14. Nd2 O-O 15.
axb4 Nxb4 16. Qb3 Nxc2 17. Qxb6 axb6 18. Rab1 Nb4 19. Rc3 Rxc3 20. Nxc3 Rc8 21.
Rb3 Nc2 22. Nb5 Nb4 23. Nc3 Ra8 24. Kf1 Ra1+ 25. Ke2 Kf8 26. Nb5 Ra5 27. Nc3
Ke8 28. g3 b5 29. h3 Nc6 30. Kd3 b4 31. Ne2 Ra3 32. Kc2 Na5 33. Rb1 Ne3+ 0-1

[Event "Superettan(Stockholms SS-Sollentuna)"]
[Site "?"]
[Date "2012.12.01"]
[Round "3"]
[White "Jansson Owen, Anders"]
[Black "Hammar, Bengt"]
[Result "0-1"]
[WhiteElo "2210"]
[BlackElo "2241"]
[PlyCount "110"]

1. Nf3 Nf6 2. c4 g6 3. Nc3 Bg7 4. e4 d6 5. d4 O-O 6. Be2 e5 7. Be3 Nc6 8. d5
Ne7 9. Nd2 c5 10. a3 Ne8 11. b4 b6 12. O-O f5 13. f3 f4 14. Bf2 g5 15. Rb1 Nf6
16. Rb2 Ng6 17. bxc5 bxc5 18. Qa4 Ne7 19. Rfb1 g4 20. Rb8 Rxb8 21. Rxb8 g3 22.
hxg3 fxg3 23. Bxg3 Nh5 24. Bh4 Qc7 25. Bxe7 Qxe7 26. Qc6 Qg5 27. Nf1 Bh3 28.
Rxf8+ Bxf8 29. g4 Bxf1 30. Kxf1 Qc1+ 31. Nd1 Nf4 32. Qb5 Qxa3 33. Qb2 Qb4 34.
Kf2 Be7 35. Bf1 Bh4+ 36. Kg1 a5 37. Qxb4 cxb4 38. Nb2 Kf8 39. Na4 Be1 40. c5
dxc5 41. Nxc5 Bc3 42. Ne6+ Nxe6 43. dxe6 Bd4+ 44. Kg2 Bc5 45. Kg3 Bd6 46. Bc4
Kg7 47. g5 Kg6 48. Kg4 Be7 49. f4 exf4 50. Kxf4 Bxg5+ 51. Ke5 Be7 52. Kd5 h5
53. e5 h4 54. Kc6 Kg7 55. Kb5 h3 0-1

[Event "Superettan(Stockholms SS-Sollentuna)"]
[Site "?"]
[Date "2012.12.01"]
[Round "3"]
[White "Nilsson, Mats E"]
[Black "Walinder, Lars"]
[Result "0-1"]
[WhiteElo "2125"]
[BlackElo "2174"]
[PlyCount "70"]

1. d4 d5 2. c4 c6 3. Nf3 Nf6 4. e3 Bg4 5. Nbd2 Nbd7 6. Qc2 e6 7. b3 Bd6 8. Bb2
Qb8 9. Bd3 a5 10. O-O O-O 11. Rae1 Bh5 12. Qb1 a4 13. c5 Bc7 14. b4 Bg6 15.
Bxg6 hxg6 16. Qa1 Ne4 17. Nxe4 dxe4 18. Ne5 Nf6 19. f3 Qd8 20. fxe4 Nxe4 21.
Rf4 f5 22. Qd1 a3 23. Ba1 Bxe5 24. dxe5 Qe7 25. Bd4 g5 26. Rff1 g4 27. Qe2 Rf7
28. Rb1 g6 29. b5 Rh7 30. g3 Rh3 31. bxc6 bxc6 32. Rb6 Nxg3 33. hxg3 Rxg3+ 34.
Kf2 Qh4 35. Rbb1 Rh3+ 0-1

[Event "Superettan(Stockholms SS-Sollentuna)"]
[Site "?"]
[Date "2012.12.01"]
[Round "3"]
[White "Jakenberg, Jussi"]
[Black "Carlsten, Peter"]
[Result "1-0"]
[WhiteElo "2131"]
[BlackElo "2124"]
[PlyCount "103"]

1. e4 d6 2. d4 Nf6 3. Nc3 e5 4. Nf3 Nbd7 5. g3 Be7 6. Bg2 O-O 7. O-O c6 8. a4
a5 9. Re1 Re8 10. b3 Qc7 11. Ba3 Nf8 12. h3 Ng6 13. Qd2 h6 14. Rad1 Nxe4 15.
Nxe4 d5 16. Nc5 e4 17. Nh2 b6 18. Nxe4 dxe4 19. Bxe7 Nxe7 20. Rxe4 Be6 21. Nf3
Rad8 22. c4 Ng6 23. Rde1 Qd7 24. Kh2 Qd6 25. Qe2 Qb4 26. Re3 Ne7 27. Rxe6 fxe6
28. Qxe6+ Kh7 29. Re3 Ng6 30. Qf5 Rf8 31. Qc2 Qd6 32. Ne5 Rf6 33. Nxg6 Rxg6 34.
Be4 Rf8 35. Bxg6+ Qxg6 36. Qxg6+ Kxg6 37. Kg2 Rd8 38. Re6+ Kf7 39. Rxc6 Rxd4
40. Rxb6 Rd3 41. Rb5 Rc3 42. h4 Ke6 43. h5 Kf6 44. Kh3 Rf3 45. Kg4 Rc3 46. f4
Rd3 47. Rb6+ Ke7 48. c5 Rc3 49. Rb5 Kf6 50. c6 Rxc6 51. Rxa5 Rc3 52. Rb5 1-0

[Event "Superettan(Stockholms SS-Sollentuna)"]
[Site "?"]
[Date "2012.12.01"]
[Round "3"]
[White "Braathen, Tom"]
[Black "Bostrom, Gabriel"]
[Result "0-1"]
[WhiteElo "2143"]
[BlackElo "2065"]
[PlyCount "72"]

1. e4 c5 2. Nf3 e6 3. d4 cxd4 4. Nxd4 a6 5. Nc3 Qc7 6. Be2 b5 7. Be3 Bb7 8. Bf3
d6 9. O-O Nf6 10. Re1 Nbd7 11. a4 b4 12. Na2 Ne5 13. Nxb4 d5 14. c3 dxe4 15.
Be2 Bd6 16. h3 O-O 17. Qb3 Nd5 18. Nxd5 Bxd5 19. Qc2 f5 20. c4 Nxc4 21. Rec1
Rfc8 22. Bd2 Qb7 23. Bf1 Ne3 24. Bxe3 Rxc2 25. Rxc2 f4 26. Bd2 Be5 27. Bc3 Rc8
28. Rd1 f3 29. g3 e3 30. fxe3 Bxg3 31. Be1 Rxc2 32. Nxc2 Qc7 33. e4 f2+ 34.
Bxf2 Bh2+ 35. Kh1 Bxe4+ 36. Bg2 Bxc2 0-1

[Event "Superettan(Sollentuna-Limhamn II)"]
[Site "?"]
[Date "2012.12.02"]
[Round "4"]
[White "Mansson, Lars"]
[Black "Ernst, Thomas"]
[Result "0-1"]
[WhiteElo "2273"]
[BlackElo "2533"]
[PlyCount "82"]
[EventDate "2012.??.??"]
[SourceDate "2012.12.11"]

1. e4 c5 2. Nf3 e6 3. d4 cxd4 4. Nxd4 Nf6 5. Nc3 d6 6. g3 Be7 7. Bg2 a6 8. O-O
Qc7 9. h3 Nc6 10. Nde2 b5 11. a3 O-O 12. Kh1 Rb8 13. f4 a5 14. a4 bxa4 15. Rxa4
Ba6 16. Rg1 Rfd8 17. f5 Nd7 18. Nf4 Nc5 19. fxe6 fxe6 20. Ra3 Ne5 21. Na4 Qc6
22. Nxc5 dxc5 23. Qe1 c4 24. Qxa5 Bxa3 25. Qxe5 Bf8 26. Qxe6+ Qxe6 27. Nxe6 Rd7
28. e5 Bb7 29. Bxb7 Rbxb7 30. Re1 Be7 31. Kg2 Rb5 32. Nf4 g5 33. Nh5 Rdd5 34.
Re4 Rxe5 35. Rxc4 Re1 36. Rc7 Kf7 37. c4 Rbe5 38. Bxg5 Rxg5 39. Nf4 Rc1 40. h4
Rc5 41. Rb7 R1xc4 0-1

[Event "Superettan(Sollentuna-Limhamn II)"]
[Site "?"]
[Date "2012.12.02"]
[Round "4"]
[White "Poley, Vladimir"]
[Black "Mansson, Peter"]
[Result "1-0"]
[WhiteElo "2439"]
[BlackElo "2196"]
[PlyCount "71"]
[EventDate "2012.??.??"]

1. Nf3 d6 2. d4 Bg4 3. e3 Nf6 4. h3 Bh5 5. b3 Nbd7 6. Bb2 e6 7. Nbd2 Be7 8. Be2
O-O 9. O-O c5 10. g4 Bg6 11. Nh4 cxd4 12. Nxg6 hxg6 13. Bxd4 d5 14. c4 dxc4 15.
Nxc4 Bc5 16. Bf3 Rb8 17. b4 Bxd4 18. Qxd4 Qe7 19. a3 b6 20. g5 Ne8 21. h4 Nc7
22. Rfd1 Rbd8 23. Qe4 f6 24. Qxg6 b5 25. Qh5 fxg5 26. Na5 g4 27. Nc6 Qf6 28.
Be4 Qxf2+ 29. Kh1 Rf3 30. Qh7+ Kf8 31. Qh8+ Kf7 32. Rxd7+ Rxd7 33. Ne5+ Ke7 34.
Qxg7+ Kd6 35. Qxd7+ Kxe5 36. Qd4# 1-0

[Event "Superettan(Sollentuna-Limhamn II)"]
[Site "?"]
[Date "2012.12.02"]
[Round "4"]
[White "Holst, Conny"]
[Black "Kassani, Sam"]
[Result "0-1"]
[WhiteElo "2248"]
[BlackElo "2223"]
[PlyCount "76"]
[EventDate "2012.??.??"]

1. d4 d5 2. c4 c6 3. Nf3 Nf6 4. Nc3 dxc4 5. e3 b5 6. a4 b4 7. Na2 e6 8. Bxc4
Nbd7 9. Bd2 a5 10. O-O Bd6 11. Qc2 O-O 12. Rae1 c5 13. e4 e5 14. dxe5 Nxe5 15.
Nxe5 Bxe5 16. h3 b3 17. Bxb3 Ba6 18. Bg5 Bxf1 19. Kxf1 h6 20. f4 hxg5 21. fxe5
Nd7 22. Rd1 Qe7 23. Rd5 Nxe5 24. Qxc5 Qxc5 25. Rxc5 Nd3 26. Rxg5 Rab8 27. Bc4
Nxb2 28. Bb5 Nxa4 29. Bxa4 Rb1+ 30. Ke2 Rb2+ 31. Kf3 Rxa2 32. Rxa5 Rc8 33. Kf4
Rc3 34. Ra8+ Kh7 35. e5 Rc4+ 36. Kg5 Rcxa4 37. Rf8 Rxg2+ 38. Kh5 g6# 0-1

[Event "Superettan(Sollentuna-Limhamn II)"]
[Site "?"]
[Date "2012.12.02"]
[Round "4"]
[White "Aperia, Jakob"]
[Black "Nurmi, Tommy"]
[Result "0-1"]
[WhiteElo "2254"]
[BlackElo "2108"]
[PlyCount "76"]
[EventDate "2012.??.??"]

1. d4 Nf6 2. c4 c5 3. d5 e5 4. Nc3 d6 5. e4 Be7 6. Nf3 O-O 7. Bd3 Ne8 8. Qc2
Na6 9. a3 Bd7 10. O-O Rb8 11. Be3 g6 12. Nd2 Nac7 13. b4 b6 14. f4 exf4 15.
Bxf4 Bg5 16. Bxg5 Qxg5 17. Nf3 Qe3+ 18. Kh1 f6 19. Rab1 Ng7 20. Rfe1 Qh6 21.
Qf2 Nh5 22. Rb2 Nf4 23. Bf1 g5 24. bxc5 bxc5 25. Reb1 Rxb2 26. Rxb2 Bc8 27. Ne1
Ng6 28. Nb5 Nxb5 29. cxb5 f5 30. exf5 Rxf5 31. Qg1 g4 32. b6 axb6 33. Rxb6 Ne5
34. Rb8 Rf8 35. Nd3 Nxd3 36. Bxd3 g3 37. h3 Bxh3 38. Rxf8+ Kxf8 0-1

[Event "Superettan(Sollentuna-Limhamn II)"]
[Site "?"]
[Date "2012.12.02"]
[Round "4"]
[White "Tadjerbashi, Amir"]
[Black "Walinder, Lars"]
[Result "1/2-1/2"]
[WhiteElo "2233"]
[BlackElo "2174"]
[PlyCount "51"]
[EventDate "2012.??.??"]

1. e4 c5 2. Nf3 d6 3. d4 cxd4 4. Nxd4 Nf6 5. Nc3 a6 6. g3 e5 7. Nde2 b5 8. Bg2
Be7 9. h3 O-O 10. O-O b4 11. Nd5 Nxd5 12. exd5 a5 13. a3 Ba6 14. Be3 Nd7 15.
Qd2 Qc7 16. Rfc1 Nc5 17. axb4 axb4 18. b3 f5 19. Qxb4 Bxe2 20. Rxa8 Rxa8 21.
Bxc5 Rb8 22. Qd2 Qxc5 23. Qxe2 Rxb3 24. cxb3 Qxc1+ 25. Bf1 Qc5 26. Qb5 1/2-1/2

[Event "Superettan(Sollentuna-Limhamn II)"]
[Site "?"]
[Date "2012.12.02"]
[Round "4"]
[White "Jansson Owen, Anders"]
[Black "Hansen, Anders"]
[Result "0-1"]
[WhiteElo "2210"]
[BlackElo "2096"]
[PlyCount "88"]
[EventDate "2012.??.??"]

1. Nf3 Nf6 2. c4 e6 3. Nc3 d5 4. d4 Bb4 5. Qa4+ Nc6 6. Bd2 Bd7 7. Qc2 O-O 8. e3
Re8 9. a3 Bf8 10. b4 dxc4 11. Bxc4 a6 12. O-O h6 13. e4 b5 14. Bb3 a5 15. e5
Nh7 16. d5 exd5 17. Bxd5 Nxe5 18. Nxe5 Rxe5 19. Bxa8 Qxa8 20. Bf4 Rf5 21. Bxc7
Qc6 22. Bxa5 Bd6 23. Rac1 Ng5 24. f3 Bf4 25. Ne2 Be3+ 26. Kh1 Bxc1 27. Qxc6
Bxc6 28. Rxc1 Bd7 29. Rd1 Be6 30. Kg1 Bc4 31. Rd8+ Kh7 32. Nd4 Re5 33. Kf2 Re7
34. Rb8 Rd7 35. Ke3 f6 36. Rd8 Re7+ 37. Kf2 Nf7 38. Bb6 Nxd8 39. Bxd8 Ra7 40.
Ba5 Rd7 41. Ke3 g5 42. Bb6 Kg6 43. g4 h5 44. Ke4 Re7+ 0-1

[Event "Superettan(Sollentuna-Limhamn II)"]
[Site "?"]
[Date "2012.12.02"]
[Round "4"]
[White "Nylen, Anders"]
[Black "Bostrom, Gabriel"]
[Result "1-0"]
[WhiteElo "2184"]
[BlackElo "2065"]
[PlyCount "111"]
[EventDate "2012.??.??"]

1. d4 Nf6 2. c4 e6 3. Nc3 c5 4. d5 exd5 5. cxd5 d6 6. e4 g6 7. f3 Bg7 8. Bg5
O-O 9. Qd2 Re8 10. Bd3 Na6 11. Nge2 Nc7 12. O-O Rb8 13. a4 a6 14. Rfb1 b5 15.
axb5 axb5 16. b4 c4 17. Bc2 Bd7 18. Ra5 Qe7 19. Rba1 Qf8 20. Ra7 Rec8 21. R1a5
Nh5 22. g4 Nf6 23. Nd4 h5 24. h3 hxg4 25. hxg4 Nh7 26. Bf4 g5 27. Bg3 Bf6 28.
Nce2 Be5 29. Kg2 Qg7 30. Ra1 Qf6 31. Bxe5 dxe5 32. Nf5 Bxf5 33. gxf5 Qd6 34.
Qc3 Nf6 35. Qe3 Kf8 36. Qc5 Ke7 37. R1a6 Qxc5 38. bxc5 Kd8 39. Rxf6 Ra8 40.
Rd6+ Ke8 41. Rxa8 Rxa8 42. c6 Ra2 43. Bd1 c3 44. Rd7 Rxe2+ 45. Kf1 c2 46. Bxc2
Rxc2 47. Rxc7 b4 48. Rb7 Rc4 49. Kf2 f6 50. Kg3 Kf8 51. Kg4 Ke8 52. Kh5 g4 53.
Kxg4 Rc1 54. Rxb4 Rg1+ 55. Kh3 Rf1 56. Kg2 1-0

[Event "Superettan(Sollentuna-Limhamn II)"]
[Site "?"]
[Date "2012.12.02"]
[Round "4"]
[White "Jakenberg, Jussi"]
[Black "Astrom, Lars"]
[Result "0-1"]
[WhiteElo "2131"]
[BlackElo "2080"]
[PlyCount "92"]
[EventDate "2012.??.??"]

1. e4 c5 2. c3 Nf6 3. e5 Nd5 4. g3 Nc6 5. Bg2 Nb6 6. Nf3 d5 7. exd6 exd6 8. O-O
d5 9. d4 c4 10. Bg5 f6 11. Bf4 Be7 12. Nbd2 O-O 13. b4 g5 14. Be3 Qe8 15. h4 h6
16. Re1 Qf7 17. Nf1 Bf5 18. hxg5 hxg5 19. N3h2 Rae8 20. g4 Bg6 21. Ng3 Bd6 22.
Nhf1 Nd8 23. a4 Nc8 24. Qd2 Ne7 25. f4 gxf4 26. Bxf4 Bxf4 27. Qxf4 Ne6 28. Qd6
Ng5 29. Re3 Ne4 30. Nxe4 dxe4 31. Bxe4 Bxe4 32. Rxe4 Nd5 33. Rae1 Nxc3 34. Re7
Rxe7 35. Rxe7 Qg6 36. Qe6+ Kh8 37. Ng3 Qb1+ 38. Kg2 Qc2+ 39. Kh3 Nd1 40. Rd7
Nf2+ 41. Kh4 Ne4 42. Rh7+ Kxh7 43. Qf5+ Kg7 44. Qd7+ Rf7 45. Nh5+ Kh6 46. Qxf7
Qh2# 0-1

[Event "Superettan(Upsala-Farsta)"]
[Site "?"]
[Date "2013.01.12"]
[Round "4"]
[White "von Bahr, Oskar"]
[Black "Glimbrant, Torbjorn"]
[Result "1/2-1/2"]
[WhiteElo "2360"]
[BlackElo "2342"]
[PlyCount "80"]
[SourceDate "2013.01.14"]

1. d4 Nf6 2. c4 e6 3. Nc3 d5 4. cxd5 exd5 5. Bg5 c6 6. e3 Be7 7. Bd3 Nbd7 8.
Nge2 O-O 9. O-O Re8 10. Qc2 Ne4 11. Bxe4 dxe4 12. Bxe7 Qxe7 13. Ng3 Nf6 14. h3
b6 15. f3 Ba6 16. Rf2 Bd3 17. Qb3 Qc7 18. Ngxe4 Bxe4 19. fxe4 Nxe4 20. Nxe4
Rxe4 21. Raf1 Rf8 22. Rf3 h6 23. a3 Qe7 24. Rc1 c5 25. dxc5 bxc5 26. Rc3 Rd8
27. Qc2 Re5 28. Rd3 Rxd3 29. Qxd3 g6 30. Kh1 Qe6 31. Qd8+ Kg7 32. Qc7 Qe7 33.
Qxe7 Rxe7 34. Kg1 f5 35. Kf1 Kf6 36. g4 Ke5 37. gxf5 gxf5 38. Rf4 Rb7 39. b4
cxb4 40. axb4 Rc7 1/2-1/2

[Event "Superettan(Upsala-Farsta)"]
[Site "?"]
[Date "2013.01.12"]
[Round "4"]
[White "Johansson, Jan"]
[Black "Livner, Anders"]
[Result "0-1"]
[WhiteElo "2430"]
[BlackElo "2393"]
[PlyCount "98"]

1. d4 d5 2. c4 c6 3. Nf3 Nf6 4. Nc3 dxc4 5. a4 Bf5 6. Ne5 Nbd7 7. Nxc4 Qc7 8.
g3 e5 9. dxe5 Nxe5 10. Bf4 Nfd7 11. Bg2 g5 12. Bxe5 Nxe5 13. Qd4 f6 14. Ne4
Nxc4 15. Qxc4 Qa5+ 16. Kf1 O-O-O 17. Kg1 Kb8 18. h4 Qe5 19. e3 Be7 20. hxg5
fxg5 21. Qc3 Qxc3 22. Nxc3 Rd2 23. Be4 Bxe4 24. Nxe4 Rxb2 25. Rh6 g4 26. Re6
Bd8 27. Nc5 h5 28. Nd3 Rd2 29. Ne5 Bc7 30. Ng6 Rhd8 31. Kg2 R2d6 32. Nf4 Rxe6
33. Nxe6 Rd5 34. Rh1 b5 35. Rc1 bxa4 36. Rxc6 Rd6 37. Rxc7 Rxe6 38. Rc5 Ra6 39.
Rxh5 a3 40. Rh1 a2 41. Ra1 Kc7 42. f3 Kd6 43. fxg4 Kd5 44. Kf3 Kc4 45. g5 Kb3
46. Kf4 Kb2 47. Rh1 a1=Q 48. Rxa1 Rxa1 49. g6 Rc1 0-1

[Event "Superettan(Upsala-Farsta)"]
[Site "?"]
[Date "2013.01.12"]
[Round "4"]
[White "Lundin, Jan"]
[Black "Burwick, Malte"]
[Result "1-0"]
[WhiteElo "2322"]
[BlackElo "2308"]
[PlyCount "153"]

1. e4 g6 2. d4 Bg7 3. Nf3 d6 4. c3 Nf6 5. Nbd2 O-O 6. Be2 Nbd7 7. O-O e5 8.
dxe5 dxe5 9. Re1 Qe7 10. Bf1 b6 11. a4 a6 12. b3 Rd8 13. Qc2 Bb7 14. Nc4 h6 15.
Ba3 Qe8 16. Re3 Bf8 17. Bxf8 Kxf8 18. Rae1 Kg7 19. b4 Bc6 20. a5 b5 21. Nb2 Qe7
22. Nd3 Ne8 23. c4 bxc4 24. Qxc4 Bb5 25. Qc3 f6 26. Rc1 Nd6 27. Nc5 c6 28. Qe1
Nxc5 29. Rxc5 Ne8 30. Rec3 Rd6 31. Bxb5 cxb5 32. h3 Rad8 33. Rc1 Qe6 34. Kh2
Qa2 35. Rc8 Qe6 36. Rxd8 Rxd8 37. Qe3 Rd7 38. Rc8 Rc7 39. Rxc7+ Nxc7 40. Qc5
Ne8 41. Qa7+ Kg8 42. Nh4 f5 43. exf5 gxf5 44. Qb8 Kf7 45. Qb7+ Kg8 46. Qf3 Ng7
47. g3 Kf7 48. Qb7+ Kf6 49. Ng2 h5 50. Ne3 h4 51. gxh4 Ne8 52. Qh7 e4 53. Qh8+
Ke7 54. h5 Nf6 55. Qg7+ Kd6 56. Qg3+ Kd7 57. h6 Nh5 58. Qb8 Qxh6 59. Qb7+ Ke8
60. Qc8+ Kf7 61. Qxf5+ Kg8 62. Qc8+ Kf7 63. Qb7+ Kg8 64. Qxe4 Qd6+ 65. Kg2 Nf4+
66. Kf3 Ne6 67. Qd5 Qf4+ 68. Kg2 Qf7 69. Qf5 Nf4+ 70. Kf3 Qxf5 71. Nxf5 Nd5 72.
Ke4 Nxb4 73. Nd4 Kf7 74. h4 Kf6 75. f4 Kg6 76. Nb3 Kh5 77. f5 1-0

[Event "Superettan(Upsala-Farsta)"]
[Site "?"]
[Date "2013.01.12"]
[Round "4"]
[White "Andersson, Fredrik"]
[Black "Hjelm, Niclas"]
[Result "1/2-1/2"]
[WhiteElo "2378"]
[BlackElo "2386"]
[PlyCount "27"]

1. e4 e5 2. Nf3 Nc6 3. Bb5 Nf6 4. d4 Nxd4 5. Nxd4 c6 6. Bc4 exd4 7. Qxd4 Qe7 8.
O-O Nxe4 9. Re1 d5 10. Nc3 Qb4 11. Bf4 Be6 12. Nxe4 Qxc4 13. Qxc4 dxc4 14. Ng5
1/2-1/2

[Event "Superettan(Upsala-Farsta)"]
[Site "?"]
[Date "2013.01.12"]
[Round "4"]
[White "Lissang, Christopher"]
[Black "Johansson, Thomas"]
[Result "1/2-1/2"]
[WhiteElo "2272"]
[BlackElo "2263"]
[PlyCount "110"]

1. d4 e6 2. Nf3 c5 3. c4 Nf6 4. g3 cxd4 5. Nxd4 Bb4+ 6. Bd2 Be7 7. Bg2 Nc6 8.
Nxc6 bxc6 9. O-O d5 10. Nc3 O-O 11. Rc1 Rb8 12. Na4 Ba6 13. cxd5 cxd5 14. Be3
Qa5 15. a3 Bb5 16. Nc3 Bc4 17. Bd4 Rfd8 18. Re1 Qa6 19. Qa4 Qxa4 20. Nxa4 Bb3
21. Nc5 Bxc5 22. Rxc5 a6 23. Rec1 Bc4 24. e3 Rb5 25. b4 Rxc5 26. Bxc5 Nd7 27.
Bd4 e5 28. Bb2 f6 29. f4 exf4 30. gxf4 Nf8 31. Rd1 Ng6 32. Bd4 Nh4 33. Bh1 Nf5
34. Bc5 Kf7 35. e4 Ne7 36. Bxe7 Kxe7 37. exd5 Kd6 38. Rd4 Bb5 39. Re4 Bd7 40.
Rc4 Rc8 41. Rxc8 Bxc8 42. Bf3 g5 43. fxg5 fxg5 44. Kf2 Ke5 45. Ke3 Bd7 46. Be4
h5 47. Bd3 Bb5 48. Bg6 h4 49. d6 Kxd6 50. Ke4 g4 51. Bf5 g3 52. hxg3 hxg3 53.
Bh3 g2 54. Bxg2 Bc6+ 55. Kd4 Bxg2 1/2-1/2

[Event "Superettan(Upsala-Farsta)"]
[Site "?"]
[Date "2013.01.12"]
[Round "4"]
[White "Lindberg, Henrik"]
[Black "Hedin, Gunnar"]
[Result "1/2-1/2"]
[WhiteElo "2302"]
[BlackElo "2152"]
[PlyCount "49"]

1. e4 e6 2. d4 d5 3. Nc3 Bb4 4. e5 c5 5. dxc5 Nc6 6. Nf3 Qc7 7. Bf4 Nge7 8. Bd3
f6 9. O-O Bxc3 10. bxc3 f5 11. Re1 O-O 12. Rb1 a6 13. c4 Na5 14. cxd5 Nxd5 15.
Bd2 Qxc5 16. Qe2 Nc3 17. Bxc3 Qxc3 18. Rb6 Bd7 19. Rd6 Rad8 20. Ng5 Nc6 21. f4
h6 22. Nf3 Bc8 23. Bc4 Rxd6 24. exd6 Nd4 25. Nxd4 1/2-1/2

[Event "Superettan(Upsala-Farsta)"]
[Site "?"]
[Date "2013.01.12"]
[Round "4"]
[White "Svensk, Ingemar"]
[Black "Marttala, Thomas"]
[Result "1/2-1/2"]
[WhiteElo "2249"]
[BlackElo "2245"]
[PlyCount "117"]

1. e4 e5 2. Nf3 Nc6 3. d4 exd4 4. Nxd4 Bb4+ 5. c3 Be7 6. g3 Nf6 7. Bg2 O-O 8.
O-O Re8 9. Re1 Bf8 10. c4 Bb4 11. Bd2 Bxd2 12. Qxd2 Nxd4 13. Qxd4 d6 14. Nc3 a5
15. Rac1 Bd7 16. Nd5 Bc6 17. f4 Bxd5 18. cxd5 Nd7 19. Rc3 Nc5 20. e5 b6 21. a4
Rb8 22. Bf1 dxe5 23. fxe5 f6 24. Bb5 Rxe5 25. Rxe5 fxe5 26. Qxe5 Qd6 27. Qxd6
cxd6 28. Re3 Kf7 29. Bc6 Rc8 30. Rf3+ Ke7 31. Re3+ Kf6 32. h4 g6 33. Kg2 h6 34.
Kf3 Kf7 35. g4 g5 36. Kg3 Rf8 37. Bb5 Kg7 38. hxg5 hxg5 39. Re7+ Rf7 40. Re8
Rf8 41. Re7+ Rf7 42. Re8 Rf4 43. b3 Ne4+ 44. Kh3 Rf3+ 45. Kh2 Nf6 46. Re7+ Kf8
47. Rb7 Nxg4+ 48. Kg2 Rxb3 49. Rxb6 Ke7 50. Ra6 Ne3+ 51. Kf2 g4 52. Kg3 Kf6 53.
Kf4 Nf5 54. Kxg4 Ke5 55. Bd7 Rg3+ 56. Kh5 Rh3+ 57. Kg4 Rg3+ 58. Kh5 Rh3+ 59.
Kg4 1/2-1/2

[Event "Superettan(Upsala-Farsta)"]
[Site "?"]
[Date "2013.01.12"]
[Round "4"]
[White "Johansson, Carl Fredrik"]
[Black "Wieweg, Johnny"]
[Result "0-1"]
[WhiteElo "2222"]
[BlackElo "2130"]
[PlyCount "72"]

1. d4 Nf6 2. c4 g6 3. Nc3 Bg7 4. e4 d6 5. Nge2 O-O 6. Ng3 e5 7. d5 a5 8. Be2
Na6 9. h4 h5 10. Bg5 Qe8 11. Qd2 Kh7 12. O-O-O Rh8 13. Kb1 Bd7 14. Rdf1 Nc5 15.
f4 Bg4 16. Bxf6 Bxe2 17. Bxg7 Bd3+ 18. Kc1 Kxg7 19. Rf3 Bxc4 20. f5 a4 21. f6+
Kf8 22. Nf5 Bxa2 23. Qg5 Bc4 24. Ne7 a3 25. Nxg6+ fxg6 26. f7 Qe7 27. Qxg6 Nd3+
28. Rxd3 Bxd3 29. Rh3 Be2 30. Nxe2 a2 31. Rg3 Qxf7 32. Rf3 Qxf3 33. gxf3 a1=Q+
34. Kd2 Qxb2+ 35. Ke1 Ra1+ 36. Kf2 Qb6+ 0-1

[Event "Superettan(Schack 08-Kamraterna)"]
[Site "?"]
[Date "2013.01.12"]
[Round "4"]
[White "Aberg, Anton"]
[Black "Laveryd, Peter"]
[Result "0-1"]
[WhiteElo "2420"]
[BlackElo "2431"]
[PlyCount "106"]
[SourceDate "2013.01.16"]

1. d4 Nf6 2. Bg5 e6 3. e4 c5 4. e5 h6 5. Bc1 Nh7 6. c3 cxd4 7. cxd4 d6 8. exd6
Bxd6 9. Nc3 O-O 10. Nf3 Nd7 11. Be2 Nhf6 12. O-O a6 13. Re1 b5 14. Bd3 Bb7 15.
Ne5 Nb6 16. Ne2 Nbd5 17. Nf4 Bb4 18. Rf1 Nxf4 19. Bxf4 Qd5 20. Nf3 Rfd8 21. a3
Be7 22. Rc1 Rac8 23. Rxc8 Rxc8 24. Qd2 b4 25. axb4 Qb3 26. Ne1 Bxb4 27. Qe2 a5
28. Be5 Nd7 29. Bf4 Nf6 30. Be5 Be7 31. h3 a4 32. Kh2 Nd7 33. Bg3 Bf6 34. Nf3
Bxf3 35. Qxf3 Qxb2 36. Rb1 Qxd4 37. Rd1 Qa7 38. Qe4 g6 39. Bb1 Nf8 40. Ba2 a3
41. Qf3 Bb2 42. Rd3 Qa8 43. Qf4 Kg7 44. Qb4 Qa7 45. Qb5 h5 46. Rb3 Nd7 47. Qe2
Nf6 48. Rxb2 axb2 49. Qxb2 Rc5 50. Bd6 Ra5 51. Bb1 Rd5 52. Bg3 Qd4 53. Qb8 e5
0-1